Normal view MARC view

Entry Término temático

Number of records used in: 1

001 - NÚMERO DE CONTROL

  • campo de control: 164450

003 - IDENTIFICADOR DE NÚMERO DE CONTROL

  • campo de control: SpMaBN

005 - FECHA Y HORA DE LA ÚLTIMA TRANSACCIÓN

  • campo de control: 20250812090240.0

008 - ELEMENTOS DE DATO DE LONGITUD-FIJA

  • campo de control de longitud fija: 051213dn anznnbabn |a ana

016 ## - NÚMERO DE CONTROL DE UNA AGENCIA BIBLIOGRÁFICA NACIONAL

  • Número de control del registro: BNE20052501750

040 ## - FUENTE DE CATALOGACIÓN

  • Centro catalogador/agencia de origen: SpMaBN
  • Lengua de catalogación: spa
  • Centro/agencia transcriptor: SpMaBN
  • Normas de descripción: rdc
  • Convención/Normas de encabezamiento de materia/tesauro: embne

042 ## - CÓDIGO DE AUTENTICACIÓN

  • Código de autenticación: 20230504

080 ## - NÚMERO DE LA CLASIFICACIÓN DECIMAL UNIVERSAL

  • Número de la Clasificación Decimal Universal: 37.091.4
  • Identificador de la edición: mrf12

150 ## - ENCABEZAMIENTO--TÉRMINO DE MATERIA

  • Término de materia o nombre geográfico como elemento de entrada: Escuela nueva (Movimiento)

550 ## - TRAZADO VÉASE ADEMÁS--TÉRMINO DE MATERIA

  • Término de materia o nombre geográfico como elemento de entrada: Enseñanza activa

550 ## - TRAZADO VÉASE ADEMÁS--TÉRMINO DE MATERIA

  • Término de materia o nombre geográfico como elemento de entrada: Método de proyectos

550 ## - TRAZADO VÉASE ADEMÁS--TÉRMINO DE MATERIA

  • Término de materia o nombre geográfico como elemento de entrada: Método Freinet

550 ## - TRAZADO VÉASE ADEMÁS--TÉRMINO DE MATERIA

  • Término de materia o nombre geográfico como elemento de entrada: Didáctica

550 ## - TRAZADO VÉASE ADEMÁS--TÉRMINO DE MATERIA

  • Término de materia o nombre geográfico como elemento de entrada: Pedagogía

670 ## - FUENTE DE DATOS ENCONTRADOS

  • Cita de la fuente: Cerdá Marín, María Consuelo. La educación inclusiva durante el movimiento de la Escuela Nueva, 2016

670 ## - FUENTE DE DATOS ENCONTRADOS

  • Cita de la fuente: WWW Instituto Europeo de Educación, 4-5-2023
  • Información encontrada: (Escuela Nueva. A partir de los últimos años del siglo XIX emergieron criticas a la educación tradicional, en respuesta a la necesidad de una renovación a favor de la autoformación y la actividad espontánea del niño, poniendo en duda la pedagogía basada en la memorización, la competencia y la disciplina.)
  • Identificador Uniforme de Recursos: https://ieeducacion.com/escuela-nueva/